|
|
|
|
| LEADER |
01198nam a2200277 4500 |
| 001 |
10115631 |
| 003 |
upatras |
| 005 |
20250328094333.0 |
| 008 |
150402s1993 gr gre |
| 040 |
|
|
|a GR-PaULI
|c GR-PaULI
|e AACR2
|
| 041 |
1 |
|
|a gre
|a eng
|
| 082 |
0 |
4 |
|a 823.7
|
| 100 |
1 |
|
|a Austen, Jane,
|d 1775-1817
|4 aut
|9 143292
|
| 240 |
0 |
0 |
|a Pride and prejudice.
|
| 245 |
1 |
0 |
|a Υπερηφάνια και προκατάληψη
|c Τζαίην Ώστην
|
| 260 |
|
|
|a Αθήνα
|b Μίνωας
|c 1993
|
| 300 |
|
|
|a 392 σ.
|c 20 εκ.
|
| 490 |
1 |
|
|a Γαλάζια Βιβλιοθήκη / Μίνωας
|
| 650 |
|
4 |
|a Αγγλικό μυθιστόρημα
|y 19ος αιώνας
|9 31024
|
| 700 |
1 |
|
|a Ανδρέου, Μαρία
|4 trl
|9 12342
|
| 760 |
1 |
|
|a Γαλάζια Βιβλιοθήκη
|
| 852 |
|
|
|a GR-PaULI
|b ΠΑΤΡΑ
|b ΒΚΠ
|b ΒΣ2
|k ΑΣΧΕ
|h 823.7 AUS
|m 089120
|p 025000041508
|t 1
|
| 942 |
|
|
|2 ddc
|c BK15
|
| 952 |
|
|
|0 0
|1 0
|4 0
|6 823_700000000000000_AUS
|7 0
|9 176504
|a LISP
|b LISP
|c BSC
|d 2016-04-24
|i 089120
|l 7
|m 2
|o 823.7 AUS
|p 025000041508
|r 2024-06-21 00:00:00
|s 2024-06-07
|t 1
|w 2016-04-24
|y BK15
|
| 998 |
|
|
|c ΜΠΟΥΡΑΣ
|d 2015-04
|
| 999 |
|
|
|c 109685
|d 109685
|